Snatch Match II Quiz Stats

 Plays Quiz not verified by Sporcle

Score 0/20 Timer 06:00
0 Plays Today
% Correct
Francis Scott Key
43.2%
Rudyard Kipling
40.2%
Samuel Taylor Coleridge
39.7%
Sylvia Plath
38%
John Keats
34.2%
Allen Ginsberg
34.2%
Robert Burns
33.4%
Langston Hughes
29.9%
Andrew Marvell
27.2%
William Shakespeare
25.8%
% Correct
EL Thayer
25%
Percy Bysshe Shelley
24.7%
Edna St. Vincent Millay
23.9%
Henry Wadsworth Longfellow
20.4%
Robert Browning
19.6%
William Blake
18.8%
Oscar Wilde
18.2%
Ralph Waldo Emerson
16.8%
Ernest Dowson
12.2%
Christina Rossetti
11.4%

You're not logged in!

Compare scores with friends on all Sporcle quizzes.
OR
Log In

Sporcle TV

Today on Sporcle TV


Watch our educational content, quiz creation guides, and fun videos on Sporcle TV.

Show Comments

Extras

Top Quizzes Today


Score Distribution

Your Account Isn't Verified!

In order to create a playlist on Sporcle, you need to verify the email address you used during registration. Go to your Sporcle Settings to finish the process.

Report this User

Report this user for behavior that violates our Community Guidelines.

Details: